| 000 | 00728nam a2200241 a 4500 | ||
|---|---|---|---|
| 005 | 20240316063922.0 | ||
| 008 | 060525s2004 mx r 000 0 spa d | ||
| 020 | _a9582007494 | ||
| 035 | _aUPN01000144749 | ||
| 049 | _aCG | ||
| 050 | 4 |
_aBF575 S3.9 _bB3.2 |
|
| 100 | 1 | _aBautista Barajas, Alix Susana | |
| 245 | 1 | 3 |
_aLa comunicación nos libera : _blos grupos de autoayuda como espacios de encuentro / _cAlix Susana Bautista Barajas. |
| 260 |
_aBogotá : _bCooperativa Editorial Magisterio, _c2004. |
||
| 300 | _a238 p. | ||
| 440 | 0 | _aExcelsior | |
| 650 | 4 |
_aAutoestima _92906 |
|
| 650 | 4 | _aPSICOLOGIA APLICADA | |
| 650 | 4 |
_aÉxito _97041 |
|
| 650 | 4 | _aSEGURIDAD (PSICOLOGIA) | |
| 905 | _aLibro | ||
| 999 |
_c116896 _d116896 |
||